00473nam a22001577a 450000500170000001000150001702000260003203500130005803700130007110000230008424500730010726000340018027000560021430000260027050000190029620140922112842.0 aENG-110838 a9789384381639c675.00 aEN-94370 bDBAD/PUB aLakshmi Prasad, Y. aSAS clinical programming :cby Y. Lakshmi Prasadbin 18 easy steps / aNew DelhibNotion Pressc2014 a5 Muthu Kalathy Street, TriplicanebChennaie600005 axiv,443p. c24cm(pbk) aIncludes index